| 000 | 00943nam a22002417a 4500 | ||
|---|---|---|---|
| 005 | 20240530110545.0 | ||
| 008 | 151216s2013 ua abo g b 000 0 ara d | ||
| 017 |
_a2012/4514 _bمصر . دار الكتب المصرية |
||
| 020 | _a9789773279511 | ||
| 040 | _aEG-CaGPL | ||
| 082 | 0 | 4 |
_221 _a916.21 _bق/ى ن |
| 100 | 0 | _aيحيى مرسى عيد بدر | |
| 245 | 1 | 0 |
_aنهر النيل و الشخصية المصرية / _cيحيى مرسى عيد بدر |
| 250 | _aط1 | ||
| 260 |
_aالاسكندرية : _bدار الوفاء لدنيا الطباعة و النشر ، _c2013 . |
||
| 300 |
_a482 ص : _bخرائط ، صور ؛ _c24 سم . |
||
| 504 | _aيشتمل على ارجاعات ببليوجرافية | ||
| 650 | 0 | 4 | _aنهر النيل |
| 650 | 0 | 4 |
_aنهر النيل _xالملاحة |
| 650 | 0 | 4 |
_aالشخصية _xالجوانب الاجتماعية |
| 942 |
_2ddc _cBK |
||
| 999 |
_c62330 _d62330 |
||